Hatemü'l-Enbiya Hazreti Muhammed ve hayatı (Record no. 5205)

MARC details
000 -BAŞLIK
Sabit Uzunlukta Kontrol Alanı 00754na a2200253 4500
001 - KONTROL NUMARASI
Denetim Alanı 12908
003 - KONTROL NUMARASI IDENTIFIER
Denetim Alanı MIRAKIL
005 - SON İŞLEM TARİHİ VE ZAMANI
Denetim Alanı 20181213155030.0
008 - SABİT-BOY VERİ ELEMANLARI - GENEL BİLGİLER
Sabit Uzunlukta Kontrol Alanı 160817b tu 000 0
020 ## - ULUSLARARASI STANDART KİTAP NUMARASI
Uluslararası Standart Kitap Numarası 9751900832
035 ## - SİSTEM KONTROL NUMARASI
Sistem Kontrol Numarası 12908
040 ## - KATALOGLAMA KAYNAK
Orijinal Kataloglama Ajansı Milas
Kataloglama Dili tur
Metne Dönüştürmek Ajansı TR-AnCHP
082 ## - DEWEY ONLU SINIFLANDIRMA NUMARASI
Sınıflandırma Numarası 297.63
Ürün Numarası B36h 2006
090 ## - SINIFLAMA NUMARASI
Sınıflama Numarası 297.63 B36h 2006
100 ## - ANA GİRİŞ - KİŞİSEL İSİM
Kişisel Ad Berki, Ali Himmet
245 ## - BAŞLIK TABLOSU
Başlık Hatemü'l-Enbiya Hazreti Muhammed ve hayatı
Sorumluluk Tablosu, Vb Ali Himmet Berki ;Osman Keskinoğlu
260 ## - YAYIN, DAĞITIM, VB
Yayın, Dağıtım, Vb Yeri Ankara
Yayıncı, Dağıtıcı, Vs Adı Diyanet İşleri Başkanlığı
Yayın, Dağıtım, Vb Tarihi 2006
300 ## - FİZİKSEL TANIM
Kapsam 461 s.
Boyutlar 24 sm.
490 ## - SERİSİ TABLOSU
Seri Beyanı Halk kitapları
490 ## - SERİSİ TABLOSU
Seri Beyanı Diyanet İşleri Başkanlığı yayınları
Hacim / Ardışık Tanımı 67
650 ## - KONU KATMA GİRİŞ - TOPİKAL DÖNEM
Topikal Süreli Veya Coğrafi Ad Giriş Elemanı Hz. Muhammed
Genel Alt Bölümü Yaşamöyküsü
700 ## - KATMA GİRİŞ - KİŞİSEL İSİM
Kişisel Ad Keskioğlu, Osman
942 ## - EKLENDİ GİRİŞ ELEMANLARI (KOHA)
Sınıflandırma Veya Raf Düzeni Kaynak
Koha Öğesi Türü Books
999 ## - SİSTEM KONTROL NUMARALARI (KOHA)
Koha Biblionumber 5205
Koha Biblioitemnumber 5205
Holdings
Kalıcı Konum Mevcut Konum Edinme Tarihi Edinim Kaynak Toplam Check-Out'Lar Tam Çağrı Numarası Barkod Tarih Son Görülme İtibaren Geçerli Fiyatlar Koha Öğesi Türü
CHP Kütüphanesi CHP Kütüphanesi 08/03/2016 Bağış   297.63 B36h 2006 000364 08/03/2016 08/03/2016 Books